សៀវភៅរូបភាពចូលឆ្នាំខ្មែរ / (Record no. 1080)
[ view plain ]
| 000 -LEADER | |
|---|---|
| fixed length control field | 01467nam a22002777a 4500 |
| 005 - DATE AND TIME OF LATEST TRANSACTION | |
| control field | 20250311140408.0 |
| 020 ## - INTERNATIONAL STANDARD BOOK NUMBER | |
| International Standard Book Number | 9789924340881 |
| 040 ## - CATALOGING SOURCE | |
| Original cataloging agency | FISKH |
| Language of cataloging | eng |
| Transcribing agency | FISKH |
| Modifying agency | FISKH |
| 082 ## - DEWEY DECIMAL CLASSIFICATION NUMBER | |
| Classification number | 959.6 |
| 100 ## - MAIN ENTRY--PERSONAL NAME | |
| Personal name | Vanthary, Oum. |
| 245 ## - TITLE STATEMENT | |
| Title | សៀវភៅរូបភាពចូលឆ្នាំខ្មែរ / |
| 246 ## - VARYING FORM OF TITLE | |
| Title proper/short title | Picture book khmer new year |
| 250 ## - EDITION STATEMENT | |
| Edition statement | Published in April 2021. |
| 260 ## - PUBLICATION, DISTRIBUTION, ETC. | |
| Place of publication, distribution, etc. | Phnom Penh : |
| Name of publisher, distributor, etc. | Sipar, |
| Date of publication, distribution, etc. | 2021. |
| 300 ## - PHYSICAL DESCRIPTION | |
| Extent | 22 unnumbered pages : |
| Other physical details | color illustrations, |
| Dimensions | 20 x 21 cm. |
| 505 ## - FORMATTED CONTENTS NOTE | |
| Formatted contents note | G <br/> |
| 520 ## - SUMMARY, ETC. | |
| Summary, etc. | កុមារតូចនិងបានរៀនពាក្យដំបូង ជាមួយនឹងផ្ឬាំងរូបភាពដែលនឹងលើកយកមកបង្ហាញអំពីការប្រារព្វធ្ចើពិធីចូលឆ្នាំខ្មែររប់សប្រជាជនកម្ពុជាជារៀងរាល់ឆ្នាំ។ |
| 520 ## - SUMMARY, ETC. | |
| Summary, etc. | Basic vocabulary is introduced to children with paintings of Cambodian people's annually celebrated Khmer New Year. |
| 521 ## - TARGET AUDIENCE NOTE | |
| Target audience note | 350 <br/> |
| Source | Lexile estimate |
| 521 ## - TARGET AUDIENCE NOTE | |
| Target audience note | G <br/> |
| Source | Raz-Plus <br/> |
| 650 ## - SUBJECT ADDED ENTRY--TOPICAL TERM | |
| Topical term or geographic name entry element | បុណ្យចូលឆ្នាំខ្មែរ |
| Form subdivision | ការប្រារព្ធពិធី |
| General subdivision | រៀងរាល់ឆ្នាំ |
| 650 ## - SUBJECT ADDED ENTRY--TOPICAL TERM | |
| Topical term or geographic name entry element | Khmer New Year |
| Form subdivision | Celebration event |
| General subdivision | Annually |
| 700 ## - ADDED ENTRY--PERSONAL NAME | |
| Personal name | Visal, Seng |
| Titles and other words associated with a name | illustrator |
| 942 ## - ADDED ENTRY ELEMENTS (KOHA) | |
| Source of classification or shelving scheme | Dewey Decimal Classification |
| Koha item type | Books |
| Suppress in OPAC | No |
| 999 ## - | |
| -- | 1080 |
| -- | 1080 |
| Withdrawn status | Lost status | Source of classification or shelving scheme | Damaged status | Not for loan | Collection | Home library | Current library | Shelving location | Date acquired | Total Checkouts | Full call number | Barcode | Date due | Date last seen | Date last checked out | Copy number | Price effective from | Koha item type |
|---|---|---|---|---|---|---|---|---|---|---|---|---|---|---|---|---|---|---|
| Dewey Decimal Classification | Khmer-English Bilingual / ភាសាខ្មែរ-អង់គ្លេស | Footprints International School Library Network Toul Kork Campus | Footprints International School Library Network Toul Kork Campus | TK Campus, Room B402, Khmer Book Case 16, Shelves 112-123 / ទូរសៀវភៅខ្មែរលេខ ១៦ ធ្នើរ ១១២ ដល់ ១២៣ បន្ទប់ B402 សាខាទួលគោក | 07/21/2023 | 4 | VAN 959.6 | 2023-0134 | 11/27/2025 | 11/13/2025 | 11/13/2025 | 1 | 07/21/2023 | Khmer Books | ||||
| Dewey Decimal Classification | Khmer-English Bilingual / ភាសាខ្មែរ-អង់គ្លេស | Footprints International School Library Network Toul Kork Campus | Footprints International School Library Network Toul Kork Campus | TK Campus, Room B402, Khmer Book Case 16, Shelves 112-123 / ទូរសៀវភៅខ្មែរលេខ ១៦ ធ្នើរ ១១២ ដល់ ១២៣ បន្ទប់ B402 សាខាទួលគោក | 07/21/2023 | VAN 959.6 | 2023-0135 | 07/21/2023 | 2 | 07/21/2023 | Khmer Books |
